Представление документа в формате RUSMARC

ПолеНазваниеЗначение
  Тип записи a
  Библиографический уровень m
001 Контрольный номер UONB/MAIN/bf74a589c1df4580bad698bd8d2875e5
005 Дата корректировки 20260512134052.0
010 Индекс ISBN __
a ISBN 5-200-01153-1
b Уточнения в пер.
d Цена 12 р. 50 к.
9 Тираж 21000 экз.
100 Данные общей обработки __
a Данные общей обработки 20260512d1990 u y0rusy0189 ca
101 Язык документа 0_
a Язык текста rus
102 Страна публикации __
a Страна публикации RU
105 Кодированные данные (монография) __
a Кодированные данные (монография) y e 000yy
200 Заглавие и сведения об ответственности 1_
a Заглавие Немецко-русский словарь по радиоэлектронике
e Сведения, относящиеся к заглавию около 65000 терминов
f Первые сведения об ответственности И. С. Янкельсон, Л. М. Миримов, Г. П. Шеров-Игнатьев
g Последующие сведения об ответственности под редакцией И. С. Янкельсона
205 Сведения об издании __
a Основные сведения об издании 3-е изд., перераб. и доп.
210 Выходные данные 1_
a Место издания Москва
a Место издания Берлин
c Издательство Русский язык
c Издательство Ферлаг Техник
d Дата издания 1990
215 Физическое описание __
a Объем 808 с.
d Формат 25 см
606 Тематические рубрики 0_
a Основная рубрика Немецко-русские словари
606 Тематические рубрики 0_
a Основная рубрика Радиоэлектроника
j Формальный подзаголовок Словари
610 Ключевые слова 0_
a Ключевые слова немецко-русские словари; словари по радиоэлектронике
675 Индекс УДК __
a Индекс УДК 4И(Нем)=434
675 Индекс УДК __
a Индекс УДК 6П2.15(083)
686 Индексы других классификаций __
a Классификационный индекс 81.433-43:32
a Классификационный индекс 32я2
2 Код системы rubbk
700 Автор _1
a Фамилия Янкельсон
b Имя (инициалы) И. С.
g Полное личное имя Исай Семенович
701 Альтернативная интеллектуальная ответственность _1
a Фамилия Миримов
b Имя (инициалы) Л. М.
701 Альтернативная интеллектуальная ответственность _1
a Фамилия Шеров-Игнатьев
b Имя (инициалы) Г. П.
702 Вторичная интеллектуальная ответственность _1
a Фамилия Янкельсон
b Имя (инициалы) И. С.
g Полное личное имя Исай Семенович
4 Код отношения 340
801 Источник записи _0
a Страна RU
b Организация Ульяновская ОНБ
c Дата составления 20260512
g Правила каталогизации RCR
801 Источник записи _1
a Страна RU
b Организация Ульяновская ОНБ
c Дата составления 20260512
g Правила каталогизации RCR
901 Тип документа __
t Тип документа m
909 Создатель записи __
a Создатель записи Карпаева
b Дата создания записи 20260512